000 00829cam a22002654a 4500
003 OSt
005 20140310182455.0
008 090612s2010 enk b 001 0 eng
020 _a9781405170918
050 0 4 _aRG 801
_b.Es87 2010
245 0 0 _aEssential midwifery practice :
_bpostnatal care /
_cedited by Sheena Byrom, Grace Edwards and Debra Bick
246 3 0 _aPostnatal care
260 _aU.K. :
_bBlackwell Publishing Ltd.,
_cc2010.
300 _a300 p. :
_c25 cm.
_bill. ;
490 0 _aEssential midwifery practice
541 _j1
562 _e1
650 0 _aMidwifery.
_97594
650 1 2 _aDelivery, Obstetric
_xmethods.
_98310
650 2 2 _aLabor, Obstetric.
_98112
650 2 2 _aMidwifery
_xmethods.
_98311
700 1 _aWalsh, Denis,
_d1955-
_98312
700 1 _aDowne, Soo.
_98313
942 _2lcc
_cSSLC
999 _c13724
_d13724